[Event "45th Olympiad Budapest 2024"]
[Site "Budapest"]
[Date "2024.09.11"]
[Round "1"]
[Board "2"]
[White "Divya, Deshmukh"]
[Black "Miller, Rachel"]
[Result "1-0"]
[WhiteElo "2483"]
[BlackElo "1912"]
[PlyCount "151"]
[EventDate "2024.09.11"]
[EventType "team-tourn"]
[EventRounds "11"]
[EventCountry "HUN"]
[WhiteTeam "India"]
[BlackTeam "Jamaica"]
[WhiteTeamCountry "IND"]
[BlackTeamCountry "JAM"]

1. c4 e6 2. Nc3 d5 3. d4 a6 4. cxd5 exd5 5. Qb3 c5 6. Qxd5 cxd4 7. Qxd8+ Kxd8 8. Nd5 Be6 9. Nf4 Bb4+ 10. Bd2 Bxd2+ 11. Kxd2 Nf6 12. g3 Nc6 13. Bg2 Re8 ({RR} 13... Bf5 14. Rc1 Re8 15. Bxc6 bxc6 16. Nf3 Ne4+ 17. Ke1 c5 18. Nh4 Bd7 19. f3 g5 20. fxe4 gxf4 21. Ng2 Rxe4 22. Nxf4 Rc8 23. b3 Bb5 24. Kd2 Ke7 25. Rhf1 Re5 26. Rf2 c4 27. bxc4 Rxc4 28. Nd3 {½-½ Gracia Alvarez,G (2271)-Ibarra Chami,L (2423) ch-Mexico 2024 (9.2)}) 14. Ngh3 Bxh3 15. Nxh3 Ne4+ $146 ({RR} 15... Kc7 16. Rac1 Ne4+ 17. Bxe4 Rxe4 18. Nf4 g5 19. Nd3 Rae8 20. Rhe1 Kd6 21. Rc4 b5 22. Rc5 f6 23. Rcc1 R4e7 24. b3 h6 25. h3 Rc7 26. a4 Na5 27. Rxc7 Kxc7 28. axb5 axb5 29. Rb1 Kd6 30. Nc1 {½-½ Vidit,S (2718)-Rakhmanov,A (2606) FIDE World Cup 2019 (2.1)}) ({RR} 15... Kc7 16. Rac1 Re5 17. Nf4 Rae8 18. h4 h6 19. Bf3 Ne4+ 20. Bxe4 Rxe4 21. Rc5 R4e5 22. Rhc1 Kd6 23. Rxe5 Rxe5 24. Nd3 Ra5 25. a3 h5 26. Rg1 g6 27. f3 Ne5 28. Rc1 Nc6 29. g4 hxg4 30. fxg4 {1-0 Steingrimsson,H (2513)-Koykka,P (2361) Heart of Finland op 30th 2022 (7)}) 16. Bxe4 Rxe4 17. Rhc1 h6 18. Rc5 Kc7 19. Nf4 Rae8 20. h4 f6 21. h5 R4e5 22. Rac1 Kd6 23. R5c4 Rb5 24. R1c2 Ree5 25. a3 Rg5 26. Kc1 Ke7 27. Kb1 Kd6 28. Ka2 Ke7 29. Kb1 Kd6 30. Rd2 Ke7 31. Rc1 Rb3 32. Ka2 Rbb5 33. Rcd1 Kf7 34. Rc2 Ra5 35. Kb1 Rab5 36. Rd3 Rbe5 37. Rcd2 Re7 38. Ka2 Ra5 39. Rb3 Rg5 40. Rb6 Rb5 41. Rxb5 axb5 42. Rc2 Re5 43. b4 Ke8 44. Rd2 Kf7 45. Kb3 Ke8 46. a4 bxa4+ 47. Kxa4 b5+ 48. Kb3 Kd7 49. e3 Re4 50. Ne2 Kc7 51. Nxd4 Nxd4+ 52. Rxd4 Re5 53. g4 f5 54. Kc3 Kc6 55. Kd3 fxg4 56. Rxg4 Rd5+ 57. Ke4 Rxh5 58. Rg6+ Kd7 59. Rxg7+ Ke6 60. f4 Rh1 61. Rb7 h5 62. Rxb5 h4 63. Re5+ Kf6 64. b5 h3 65. Rh5 Rb1 66. b6 Kg6 67. Rxh3 Rxb6 68. f5+ Kf7 69. Rh7+ Kf8 70. Rc7 Ra6 71. Kf4 Ra5 72. e4 Ra1 73. Kg5 Re1 74. Kf6 Kg8 75. e5 Rh1 76. e6 1-0

[Event "45th Olympiad Budapest 2024"]
[Site "Budapest"]
[Date "2024.09.11"]
[Round "1"]
[Board "4"]
[White "Tania, Sachdev"]
[Black "Watson, Gabriella"]
[Result "1-0"]
[WhiteElo "2386"]
[BlackElo "1826"]
[PlyCount "81"]
[EventDate "2024.09.11"]
[EventType "team-tourn"]
[EventRounds "11"]
[EventCountry "HUN"]
[WhiteTeam "India"]
[BlackTeam "Jamaica"]
[WhiteTeamCountry "IND"]
[BlackTeamCountry "JAM"]

1. d4 d5 2. c4 c6 3. Nf3 Nf6 4. Nc3 dxc4 5. a4 Bf5 6. Ne5 e6 7. e3 Nbd7 8. Nxc4 Bb4 9. Be2 O-O 10. O-O a5 11. Qb3 Qc7 12. f4 $146 ({RR} 12. f3 e5 13. Na2 Bd6 14. dxe5 Bxe5 15. Nxe5 Qxe5 16. e4 Be6 17. Qd1 Nc5 18. Be3 Nb3 19. Nc3 Nxa1 20. Qxa1 Rfe8 21. Qe1 Bb3 22. f4 Qe7 23. Bd3 Nd5 24. Bd4 Nb4 25. Qg3 f6 26. Be2 Rad8 {0-1 Fyllingen,R-Bjornsson,T (2300) Arnold Cup Gausdal 1990 (1)}) ({RR} 12. Na2 Be7 13. f3 b5 14. axb5 a4 15. Qc3 cxb5 16. Na3 Qb6 17. Nxb5 Rfc8 18. Qe1 e5 19. Kh1 Bc2 20. Nac3 Bb3 21. Bd2 Bc4 22. Qd1 Bb3 23. Qb1 Bc4 24. Bd3 exd4 25. exd4 Ra5 26. Re1 Bf8 {1-0 Li,G (2331)-Chubakov,S (2330) SixDays July GMB 2024 (8.1)}) ({RR} 12. Na2 Be7 13. Nc3 {½-½ Huang,Q (2394)-Wang,Y (2398) Tainjin zt 3.5 (Women) 2011 (4)}) ({RR} 12. Na2 Be7 13. f3 e5 14. dxe5 Nxe5 15. Nxe5 Qxe5 16. e4 Bc5+ 17. Kh1 Bd6 18. g3 Nh5 19. f4 Bxe4+ 20. Kg1 Bc5+ 21. Be3 Qe6 22. Qc3 Qh3 23. Rf2 Bxe3 24. Qxe3 Rfe8 25. Nc3 Bd5 26. Qd3 Nf6 {0-1 Gazik,R (2115)-Kludacz,M (2105) POL-ch (Women) 1996 (5)}) 12... Nb6 13. Ne5 h6 14. Bd2 Bxc3 15. bxc3 Ne4 16. Be1 Nd5 17. c4 Ne7 18. Bd3 Rfd8 19. g4 Bh7 20. Qc2 f5 21. gxf5 exf5 22. Kh1 Re8 23. Rg1 c5 24. d5 Ra6 25. Rb1 Ng6 26. Nf3 Rf6 27. Nd2 Qe7 28. Nf1 b6 29. Rb2 Rd6 30. Qb1 Qc7 31. Rbg2 Re7 32. Be2 Rf6 33. Bh5 Nf8 34. Bh4 g5 35. fxg5 hxg5 36. Rxg5+ Nxg5 37. Bxg5 Rg7 38. Bxf6 Rxg1+ 39. Kxg1 Qd6 40. Qb2 Nd7 41. Qg2+ 1-0

[Event "45th Olympiad Budapest 2024"]
[Site "Budapest"]
[Date "2024.09.11"]
[Round "1"]
[Board "2"]
[White "Rivera Negron, Yanira"]
[Black "Terbe, Julianna"]
[Result "0-1"]
[WhiteElo "1805"]
[BlackElo "2245"]
[PlyCount "76"]
[EventDate "2024.09.11"]
[EventType "team-tourn"]
[EventRounds "11"]
[EventCountry "HUN"]
[WhiteTeam "Puerto Rico"]
[BlackTeam "Hungary"]
[WhiteTeamCountry "PUR"]
[BlackTeamCountry "HUN"]

1. d4 d5 2. c4 e6 3. Nc3 c6 4. Bf4 dxc4 5. e4 b5 6. a3 Nf6 7. Nf3 Bb7 8. Qc2 $146 ({RR} 8. Be2 Be7 9. O-O O-O 10. Ne1 Nbd7 11. Bf3 a6 12. Nc2 Nb6 13. Qd2 c5 14. Rad1 b4 15. Nb1 b3 16. Ne3 cxd4 17. Qxd4 Qxd4 18. Rxd4 Bc5 19. Rdd1 Bxe4 20. Bxe4 Nxe4 21. Rc1 Rac8 22. Nc3 Nxc3 {0-1 Diaz Zehl,L (1726)-Juan Delgado,A (1801) Andalucia-ch U16 2012 (6)}) ({RR} 8. Bg5 Be7 9. Be2 O-O 10. O-O Nbd7 11. h3 h6 12. Bh4 a6 13. Qc2 c5 14. Rad1 b4 15. axb4 cxb4 16. Nb1 Bxe4 17. Qxc4 Nb6 18. Qb3 Bd5 19. Qc2 Rc8 20. Qd2 a5 21. Ne5 Ne4 22. Bxe7 Qxe7 {1-0 Jayakumar,B-Lavrishchev,M (1324) EU-ch Schools U11 rapid 2021 (3)}) ({RR} 8. b3 b4 9. e5 Nfd7 10. Ne4 cxb3 11. Qxb3 Nb6 12. Bc4 a5 13. O-O Nxc4 14. axb4 Bxb4 15. Rfd1 Nb6 16. Bg5 Qd7 17. Nc5 Bxc5 18. dxc5 Nd5 19. Rab1 Ra7 20. Ra1 O-O 21. Nh4 h6 22. Bc1 Qe7 {0-1 Mikailov,D (1058)-Saine,Z (1644) Quebec-ch U14 2015 (1)}) 8... Nbd7 9. Rd1 Qb6 10. Ne5 Nxe5 11. Bxe5 Rd8 12. Be2 Be7 13. O-O O-O 14. Bf3 a6 15. Rfe1 Rd7 16. Rd2 Rfd8 17. Red1 Ne8 18. d5 Bg5 19. Bd4 c5 20. Be3 Bxe3 21. fxe3 e5 22. Rf2 Nd6 23. Be2 b4 24. Na4 Qa5 25. axb4 cxb4 26. Ra1 Rc7 27. Rff1 Bc8 28. Qb1 Bd7 29. b3 cxb3 30. Qxb3 Nxe4 31. Nb2 Qc5 32. Nd3 Qxe3+ 33. Kh1 Qxe2 34. Rae1 Rc3 35. Rxe2 Rxb3 36. Nc1 Nc3 37. Rxe5 Rb1 38. Re7 Na2 0-1

[Event "45th Olympiad Budapest 2024"]
[Site "Budapest"]
[Date "2024.09.11"]
[Round "1"]
[Board "3"]
[White "Papp, Petra"]
[Black "Vega Jimenez, Keyshla M."]
[Result "1-0"]
[WhiteElo "2259"]
[BlackElo "1769"]
[PlyCount "45"]
[EventDate "2024.09.11"]
[EventType "team-tourn"]
[EventRounds "11"]
[EventCountry "HUN"]
[WhiteTeam "Hungary"]
[BlackTeam "Puerto Rico"]
[WhiteTeamCountry "HUN"]
[BlackTeamCountry "PUR"]

1. d4 Nf6 2. Nf3 e6 3. Bf4 d5 4. e3 Bd6 5. Ne5 O-O 6. Nd2 c5 7. c3 Qc7 8. Bd3 Nbd7 ({RR} 8... b6 9. h4 Ba6 10. Bxa6 Nxa6 11. h5 Nd7 12. Ndf3 f6 13. Nd3 cxd4 14. Nxd4 e5 15. Ne6 Qc4 16. Nxf8 Bxf8 17. Bg3 Ndc5 18. Nxc5 Nxc5 19. Rh4 e4 20. Qe2 Nd3+ 21. Kf1 f5 22. Kg1 Rc8 23. Rh1 {1-0 Firouzja,A (2749)-Duda,J (2743) Tata Steel 83rd 2021 (7)}) 9. Ndf3 b6 10. h4 Nh5 $146 ({RR} 10... Bb7 11. Nxd7 Nxd7 12. Bxd6 Qxd6 13. Bb5 Bc6 14. Bxc6 Qxc6 15. h5 e5 16. dxe5 Rae8 17. h6 g6 18. Qe2 Nxe5 19. Nxe5 Rxe5 20. O-O-O d4 21. Rh3 Qxg2 22. Rg3 Qd5 23. Kb1 Rd8 24. cxd4 cxd4 25. Qd3 {½-½ Kazakov,K (2380)-Isanzhulov,A (2341) 20th Asian Cont. Blitz 2023 (8.1)}) ({RR} 10... Ne4 11. Qc2 Bb7 12. Nxd7 Qxd7 13. Bxd6 Qxd6 14. Ng5 f5 15. Nf3 f4 16. O-O-O fxe3 17. fxe3 cxd4 18. exd4 Qg3 19. Rhf1 Rf6 20. Kb1 Raf8 21. Rde1 Bc6 22. a3 Be8 23. Ka2 Bg6 24. h5 Bxh5 25. Bxe4 {0-1 Wang,X (1768)-Li,D (1693) Chinese Youth U20 2024 (11.7)}) ({RR} 10... Bb7 11. h5 c4 12. Bc2 Ne4 13. Nxd7 Qxd7 14. Ne5 Qc7 15. Qg4 Kh8 16. Bxe4 dxe4 17. Ng6+ Kg8 18. Nxf8 Kxf8 19. Bxd6+ Qxd6 20. Rh3 e5 21. Rg3 g6 22. O-O-O b5 23. dxe5 Qa6 24. hxg6 hxg6 25. Rd7 {1-0 Krasteva,B (2292)-Nenova,A (1607) ch-BUL w 2023 (6.2)}) ({RR} 10... Bb7 11. h5 h6 12. g4 Ne4 13. Rg1 f6 14. Nxd7 Qxd7 15. Bxe4 dxe4 16. dxc5 e5 17. Nh4 bxc5 18. Nf5 Rad8 19. Bxh6 gxh6 20. Qb3+ Kh8 21. O-O-O Qc6 22. Nxd6 Rxd6 23. Rxd6 Qxd6 24. Qxb7 Rd8 25. Qxe4 {1-0 Erigaisi,A (2712)-Lobanov,S (2520) AI Cup Play-In 2023 (2)}) 11. Bxh7+ Kh8 12. Bd3 Nxf4 13. exf4 cxd4 14. cxd4 Bb4+ 15. Kf1 Nf6 16. Rc1 Qb7 17. Ng5 Kg8 18. g3 Bd6 19. Qe2 a5 20. Kg2 Bd7 21. Ng4 Ne8 22. Nh7 f5 23. Nxf8 1-0

[Event "45th Olympiad Budapest 2024"]
[Site "Budapest"]
[Date "2024.09.11"]
[Round "1"]
[Board "3"]
[White "Khotenashvili, Bella"]
[Black "Mariam, Essa"]
[Result "1-0"]
[WhiteElo "2432"]
[BlackElo "1779"]
[PlyCount "79"]
[EventDate "2024.09.11"]
[EventType "team-tourn"]
[EventRounds "11"]
[EventCountry "HUN"]
[WhiteTeam "Georgia"]
[BlackTeam "United Arab Emirates"]
[WhiteTeamCountry "GEO"]
[BlackTeamCountry "UAE"]

1. Nf3 Nf6 2. g3 b5 3. Bg2 Bb7 4. Na3 a6 5. c4 e5 6. O-O ({RR} 6. cxb5 Bxa3 7. bxa3 axb5 8. O-O d6 9. Qb3 Bc6 10. Ng5 O-O 11. Bxc6 Nxc6 12. Qxb5 Nd4 13. Qd3 h6 14. Nf3 Nxf3+ 15. Qxf3 Ra4 16. Qc6 Ra5 17. Bb2 Qb8 18. Rab1 Rb5 19. Qc2 Qb7 20. a4 Rc5 {1-0 Gutierrez Olivares,D (2354)-Mrudul,D (1981) Titled Tue 19th Mar Early 2024 (8)}) 6... Bxa3 7. bxa3 e4 $146 ({RR} 7... d6 8. Rb1 c5 9. cxb5 axb5 10. Rxb5 Bc6 11. Rb1 Ba4 12. Qe1 Nc6 13. d3 O-O 14. Bg5 h6 15. Bxf6 Qxf6 16. Nd2 Ra6 17. Ne4 Qd8 18. Nc3 Qa5 19. Nd5 Nd4 20. Rb2 Bd7 21. Qxa5 Rxa5 22. e3 {0-1 Maksimenko,A (2547)-Skoberne,J (2557) AUT-chT 1314 2013 (5.6)}) ({RR} 7... d6 8. Rb1 O-O 9. cxb5 axb5 10. Rxb5 Bc6 11. Rb1 Bd5 12. d3 c5 13. Nd2 Bxg2 14. Kxg2 Nc6 15. Ne4 h6 16. Nxf6+ Qxf6 17. Rb6 Rfc8 18. Qb3 Rcb8 19. Be3 Rxb6 20. Qxb6 Ne7 21. Rb1 Qe6 22. Rb3 {½-½ Artemiev,V (2697)-Andreikin,D (2729) AI Cup Div 2 W 2023 (3.3)}) ({RR} 7... d6 8. Qb3 O-O 9. a4 Nbd7 10. axb5 Nc5 11. Qc2 axb5 12. cxb5 Ra4 13. Nxe5 Bxg2 14. Kxg2 Qe8 15. Nd3 Qe4+ 16. Kg1 Rc4 17. Qd1 Nxd3 18. exd3 Qxd3 19. Bb2 Ng4 20. a4 h5 21. Ra3 Qg6 22. d3 {½-½ Rozum,I (2573)-Shcherbakov,R (2527) Wch Blitz Moscow 2019 (19)}) ({RR} 7... d6 8. d4 Nbd7 9. dxe5 dxe5 10. Bb2 Qe7 11. cxb5 axb5 12. Rc1 Rc8 13. Nh4 Bxg2 14. Nf5 Qd8 15. Kxg2 O-O 16. Rc6 g6 17. Nh6+ Kg7 18. Qc1 Ne8 19. h4 Nd6 20. Ng4 f6 21. Rd1 Nb8 22. Rc5 {0-1 Terbe,J (2280)-Cvitan,E (2182) EU-chT (Women) 22nd 2019 (1.7)}) 8. Nd4 Nc6 9. Nf5 O-O 10. Bb2 Re8 11. d3 Ne5 12. Qd2 e3 13. Nxe3 Bxg2 14. Kxg2 d5 15. cxd5 Nxd5 16. Nf5 Nb6 17. Rad1 f6 18. f4 Nf7 19. e4 c5 20. Qe2 Qd7 21. Rf2 Nd6 22. Ne3 Qe6 23. Qf3 Rad8 24. Bc3 b4 25. axb4 Nb5 26. Ba1 cxb4 27. Nf5 Nd5 28. Rc1 Ndc3 29. Bxc3 Nxc3 30. a3 a5 31. axb4 axb4 32. Rb2 g6 33. Nh6+ Kg7 34. Rxb4 Qa2+ 35. Kh3 Qe2 36. Qg4 Qxg4+ 37. Nxg4 Re7 38. Rxc3 h5 39. Ne3 f5 40. e5 1-0

[Event "45th Olympiad Budapest 2024"]
[Site "Budapest"]
[Date "2024.09.11"]
[Round "1"]
[Board "4"]
[White "Anoud, Eisa Bashkardi"]
[Black "Melia, Salome"]
[Result "0-1"]
[WhiteElo "1810"]
[BlackElo "2293"]
[PlyCount "84"]
[EventDate "2024.09.11"]
[EventType "team-tourn"]
[EventRounds "11"]
[EventCountry "HUN"]
[WhiteTeam "United Arab Emirates"]
[BlackTeam "Georgia"]
[WhiteTeamCountry "UAE"]
[BlackTeamCountry "GEO"]

1. e4 c5 2. Nf3 Nc6 3. Bb5 g6 4. O-O Bg7 5. Re1 e5 6. c3 Nge7 7. d3 O-O 8. Be3 d6 9. h3 h6 10. d4 exd4 ({RR} 10... Qb6 11. Bxc6 Nxc6 12. dxc5 Qxb2 13. Nbd2 dxc5 14. Bxc5 Rd8 15. Qc1 Qb5 16. Nb3 Be6 17. Be3 Bxb3 18. axb3 Kh7 19. b4 Rac8 20. Qb1 b6 21. Rd1 Qc4 22. Rxd8 Rxd8 23. Qb2 Qxe4 24. b5 Na5 25. Re1 {0-1 Bauyrzhan,A (2029)-Engin,O (2101) Titled Tue 30th Apr Early 2024 (5)}) 11. cxd4 Qb6 12. dxc5 $146 ({RR} 12. Bxc6 Nxc6 13. Qd2 Kh7 14. e5 Qd8 15. d5 Nxe5 16. Nxe5 Bxe5 17. Bxh6 Bg7 18. Bg5 f6 19. Bf4 g5 20. Be3 Bf5 21. Nc3 Qd7 22. a4 Rae8 23. a5 Bg6 24. Qd1 Ra8 25. h4 gxh4 26. Ra4 Rh8 {1-0 Jasik,K (2341)-Borgula,R (2237) POL-chT 2nd League 2005 (6.8)}) ({RR} 12. Na3 cxd4 13. Bf4 Ne5 14. Rb1 a6 15. Bf1 Be6 16. b3 Nxf3+ 17. Qxf3 d5 18. exd5 Nxd5 19. Nc4 Qd8 20. Be5 b5 21. Bxg7 Kxg7 22. Ne5 Nc3 23. Rb2 Qd5 24. Rd2 Rfd8 25. Nc6 Qxf3 26. gxf3 Rd6 {0-1 Hartikainen,M (2304)-Lalic,B (2507) Cappelle op 24th 2008 (8)}) ({RR} 12. Bxc6 Nxc6 13. Qd2 Kh7 14. Rd1 f5 15. Nc3 cxd4 16. Bxd4 Nxd4 17. Nxd4 fxe4 18. Ndb5 d5 19. Qe3 d4 20. Nxd4 Qxb2 21. Rab1 Qa3 22. Rb3 Qe7 23. Nxe4 Kh8 24. Rdd3 b6 25. Nc6 Qc7 26. Nb4 Bf5 {0-1 Bui,B (2159)-Schoppen,C (2507) Vlissingen HZ op 24th 2022 (3)}) 12... dxc5 13. Qe2 Nd4 14. Bxd4 cxd4 15. Na3 Be6 16. Bc4 d3 17. Qxd3 Rfd8 18. Qe3 Qxe3 19. Rxe3 Bxb2 20. Rb1 Bxa3 21. Bxe6 Bc5 22. Rc3 b6 23. Bb3 Nc6 24. Rd1 Rxd1+ 25. Bxd1 Rd8 26. Bb3 Kg7 27. Kf1 Nb4 28. Ne5 f6 29. Nc4 Re8 30. f3 Rd8 31. Ne3 Rd2 32. Nc4 Rf2+ 33. Ke1 Rxg2 34. f4 g5 35. a3 Nc6 36. e5 gxf4 37. e6 Rg3 38. Rxg3+ fxg3 39. Kf1 Nd4 40. Bd1 Nxe6 41. Kg2 Bf2 42. a4 Nf4+ 0-1

[Event "45th Olympiad Budapest 2024"]
[Site "Budapest"]
[Date "2024.09.11"]
[Round "1"]
[Board "2"]
[White "Maltsevskaya, Aleksandra"]
[Black "Chung Hurtado, Yaleika"]
[Result "1-0"]
[WhiteElo "2404"]
[BlackElo "1832"]
[PlyCount "65"]
[EventDate "2024.09.11"]
[EventType "team-tourn"]
[EventRounds "11"]
[EventCountry "HUN"]
[WhiteTeam "Poland"]
[BlackTeam "Panama"]
[WhiteTeamCountry "POL"]
[BlackTeamCountry "PAN"]

1. e4 c6 2. d4 d5 3. e5 c5 4. Nf3 Nc6 5. dxc5 Bg4 6. c3 Bxf3 7. Qxf3 Nxe5 8. Bb5+ Nc6 9. O-O e6 10. b4 Be7 ({RR} 10... Nf6 11. Bf4 Be7 12. Nd2 O-O 13. Rfe1 Nd7 14. Nb3 Bf6 15. Bd6 Re8 16. Rad1 Qc8 17. a3 a6 18. Bxc6 bxc6 19. c4 Nf8 20. g3 Ng6 21. cxd5 exd5 22. Qd3 h5 23. Rxe8+ Qxe8 24. h4 Ne5 25. Bxe5 {½-½ Almasi,Z (2713)-Khenkin,I (2656) Olympiad-40 Istanbul 2012 (8.2)}) ({RR} 10... Nf6 11. Bf4 Be7 12. Nd2 O-O 13. Rad1 Qc8 14. Rfe1 b6 15. cxb6 axb6 16. a4 Na7 17. Bd3 Kh8 18. Qh3 g6 19. Nf3 e5 20. Qxc8 Raxc8 21. Nxe5 Rxc3 22. Nxg6+ hxg6 23. Rxe7 Nc6 24. Rc7 d4 25. Bb5 {1-0 Kienboeck,B (2187)-Schranzhofer,M (1908) ch-AUT Rapid 2024 (4.4)}) 11. Nd2 $146 ({RR} 11. Bf4 Bf6 12. Nd2 Nge7 13. Rad1 O-O 14. Bd6 a5 15. a3 axb4 16. axb4 Ra3 17. Nb1 Ra2 18. Nd2 Re8 19. Bd3 Ng6 20. Qh3 Be7 21. Bxe7 Qxe7 22. Nf3 Qf6 23. Nd4 e5 24. Bb1 Rb2 25. Nb5 e4 {1-0 Haavamae,H (2098)-Berzina,I (2176) Baltic zt I Stage 2018 (3)}) ({RR} 11. Bf4 Nf6 12. Nd2 O-O 13. Nb3 Ne4 14. Rac1 Bf6 15. Rfd1 Ne5 16. Bxe5 Bxe5 17. c4 Qc7 18. cxd5 exd5 19. Rxd5 Bxh2+ 20. Kf1 Nf6 21. Rf5 Be5 22. Re1 Bb2 23. g4 h6 24. Re2 Ba3 25. g5 hxg5 {1-0 Nestorovic,N (2495)-Novkovic,M (2375) AUT-chT2W 1617 2016 (9.3)}) ({RR} 11. Bf4 Nf6 12. Nd2 O-O 13. Nb3 Ne4 14. Rfd1 Qc8 15. a3 a5 16. Nd2 f5 17. Nxe4 fxe4 18. Qg3 Bf6 19. Bd6 Rf7 20. Rac1 axb4 21. axb4 Ra3 22. Qg4 Rxc3 23. Rxc3 Bxc3 24. Rxd5 Na7 25. Be7 exd5 {0-1 Rathanvel,V (2292)-Rozum,I (2581) Bhubaneswar op 11th 2018 (3)}) 11... Bf6 12. Rd1 Qc7 13. Nf1 Nge7 14. Ng3 O-O 15. a3 a6 16. Bxc6 Nxc6 17. Nh5 Qe7 18. Bf4 Ne5 19. Qg3 Nc4 20. Bh6 g6 21. Nxf6+ Qxf6 22. Bxf8 Rxf8 23. Rd4 Rc8 24. Rad1 Nxa3 25. Qh3 Rc7 26. Rh4 Qg7 27. c4 Nc2 28. cxd5 exd5 29. Qd3 Qf6 30. g3 Qb2 31. Qxd5 Kg7 32. Qd2 Qb3 33. Qh6+ 1-0

[Event "45th Olympiad Budapest 2024"]
[Site "Budapest"]
[Date "2024.09.11"]
[Round "1"]
[Board "4"]
[White "Sliwicka, Alicja"]
[Black "Caicedo Rios, Layla Yasmira"]
[Result "1-0"]
[WhiteElo "2373"]
[BlackElo "1803"]
[PlyCount "63"]
[EventDate "2024.09.11"]
[EventType "team-tourn"]
[EventRounds "11"]
[EventCountry "HUN"]
[WhiteTeam "Poland"]
[BlackTeam "Panama"]
[WhiteTeamCountry "POL"]
[BlackTeamCountry "PAN"]

1. e4 c5 2. Nf3 d6 3. d4 cxd4 4. Nxd4 Nf6 5. Nc3 a6 6. Bd3 e5 7. Nde2 Be7 8. O-O O-O 9. Ng3 Nc6 ({RR} 9... Bg4 10. Be2 Be6 11. Nd5 Nxd5 12. exd5 Bc8 13. f4 Nd7 14. Nf5 Bf6 15. c3 exf4 16. Bxf4 Ne5 17. Nd4 Re8 18. Kh1 Bg5 19. Qd2 Bxf4 20. Qxf4 Bd7 21. Rad1 Qb6 22. Rd2 Re7 23. h3 Rae8 24. Bd3 {0-1 Aronian,L (2742)-Svidler,P (2689) Levitov Chess Week Rapid 2023 (9.5)}) 10. Nd5 h6 $146 ({RR} 10... Nxd5 11. exd5 Nb4 12. Bf5 a5 13. c3 Na6 14. f4 g6 15. Bxc8 Rxc8 16. f5 Nc5 17. Bh6 Re8 18. Qf3 f6 19. fxg6 hxg6 20. Qg4 Kf7 21. b4 Qd7 22. Nf5 Na4 23. Bd2 Rc7 24. Qh3 Kg8 25. Qh6 {1-0 George Micheal,K (2257)-Guo,E (2211) Titled Tue 6th Aug Early 2024 (6)}) ({RR} 10... Nxd5 11. exd5 Nb8 12. c4 f5 13. f4 e4 14. Be2 Nd7 15. Be3 a5 16. b3 b6 17. Qd2 Nc5 18. Rfc1 Bf6 19. Bd4 Bd7 20. Nf1 Qe7 21. Ne3 g6 22. Rab1 Qg7 23. Bxf6 Qxf6 24. Qb2 Qxb2 25. Rxb2 {0-1 Costa,L (1880)-Milare,T (1915) GER-ch Net Amateur Gr-A Vor2 blitz 2020 (8)}) ({RR} 10... Nxd5 11. exd5 Nb4 12. Be2 a5 13. c4 f5 14. Bd2 Bd7 15. a3 Na6 16. b4 a4 17. f4 Qb6+ 18. Kh1 exf4 19. Bxf4 Bf6 20. Ra2 Rfe8 21. Qd3 g6 22. Bd1 Re7 23. Re2 Rae8 24. Rfe1 h5 25. Rxe7 {½-½ Zhang,B (1966)-Wu,J (1906) Canadian Open 2023 (9.24)}) 11. Be3 Be6 12. c4 Rb8 13. Rc1 Re8 14. Qd2 Ng4 15. Bb6 Qd7 16. Nxe7+ Nxe7 17. h3 Nf6 18. Rfd1 Rbc8 19. Bf1 Rc6 20. Be3 Ng6 21. f3 Kh7 22. b3 Nh4 23. Qf2 g5 24. Rc2 Ng6 25. Rcd2 Nf4 26. c5 d5 27. exd5 N4xd5 28. Bc4 Rd8 29. Ne4 Kg6 30. Nxf6 Kxf6 31. h4 Rcc8 32. hxg5+ 1-0

[Event "45th Olympiad Budapest 2024"]
[Site "Budapest"]
[Date "2024.09.11"]
[Round "1"]
[Board "1"]
[White "Song, Yuxin"]
[Black "February, Jesse Nikki"]
[Result "1-0"]
[WhiteElo "2373"]
[BlackElo "2013"]
[PlyCount "87"]
[EventDate "2024.09.11"]
[EventType "team-tourn"]
[EventRounds "11"]
[EventCountry "HUN"]
[WhiteTeam "China"]
[BlackTeam "South Africa"]
[WhiteTeamCountry "CHN"]
[BlackTeamCountry "RSA"]

1. e4 e6 2. d4 d5 3. Nd2 dxe4 4. Nxe4 Nd7 5. Nf3 Ngf6 6. Nxf6+ Nxf6 7. Ne5 Qd5 ({RR} 7... a6 8. Bd3 c5 9. dxc5 Qd5 10. Qe2 Qxc5 11. O-O Be7 12. Bg5 h6 13. Bh4 Nd7 14. Bxe7 Kxe7 15. Nf3 Nf6 16. Rad1 Rd8 17. Be4 Rxd1 18. Rxd1 Rb8 19. Nd4 Bd7 20. Bf3 Kf8 21. Nb3 Qc7 22. Qd2 {½-½ Nikolenko,O (2533)-Grachev,B (2684) RUS-ch Higher League 62nd 2009 (9)}) 8. Be3 Bd6 ({RR} 8... Be7 9. f3 O-O 10. Qd2 b5 11. Be2 a6 12. Nd3 a5 13. Nc5 Bd7 14. O-O Bc6 15. Rfc1 Rfd8 16. c4 bxc4 17. Bxc4 Qd6 18. Rd1 Bd5 19. Bf1 Qb6 20. Qc2 Rab8 21. b3 h6 22. Rac1 c6 23. Qf2 {½-½ Gnaam,K (2039)-Shekh A,O (2082) SYR-ch Damascus 2019 (8)}) 9. Nd3 $146 ({RR} 9. Nc4 Be7 10. Qd3 Ng4 11. h3 Nxe3 12. Nxe3 Qa5+ 13. c3 c5 14. Qb5+ Qxb5 15. Bxb5+ Bd7 16. Bxd7+ Kxd7 17. dxc5 Bxc5 18. Rd1+ Kc7 19. Ke2 Rad8 20. Rxd8 Rxd8 21. Rd1 Rxd1 22. Nxd1 Be7 23. Ne3 e5 {½-½ Montiel,P-Martinez,J ARG-ch25 Buenos Aires 1946}) ({RR} 9. c4 Bb4+ 10. Ke2 Qa5 {½-½ Enevoldsen,J-Henning,K Travemuende 1950 (8)}) ({RR} 9. Nc4 Be7 10. Be2 Qxg2 11. Bf3 Qh3 12. Qe2 Nd5 13. O-O-O Nxe3 14. fxe3 a5 15. Ne5 O-O 16. Rhg1 f6 17. Rg3 Qh6 18. Ng4 Qh4 19. Qg2 Kh8 20. Rg1 Bd6 21. Rh3 Qg5 22. Qf2 e5 23. Nxe5 Qxg1+ {1-0 Bogoljubow,E-Henning,K Travemuende 1950 (10)}) 9... O-O 10. Be2 Qa5+ 11. c3 c6 12. h4 Nd5 13. Bd2 Qc7 14. Qc1 e5 15. dxe5 Bxe5 16. c4 Nf6 17. Nxe5 Qxe5 18. Bc3 Qf5 19. O-O Re8 20. Re1 Be6 21. b3 Rad8 22. Bf3 Rd3 23. Re5 Qg6 24. Be2 Ng4 25. Rg5 Rxc3 26. Qxc3 Qf6 27. Qxf6 Nxf6 28. Re5 Nd7 29. Re3 f5 30. Rd1 Kf7 31. g4 g6 32. gxf5 Bxf5 33. Rxe8 Kxe8 34. h5 Ke7 35. hxg6 hxg6 36. Bd3 Bg4 37. Re1+ Kf7 38. f3 Bh5 39. Kf2 Kf6 40. Re8 Ne5 41. Be2 c5 42. Rb8 b6 43. Rb7 g5 44. f4 1-0

[Event "45th Olympiad Budapest 2024"]
[Site "Budapest"]
[Date "2024.09.11"]
[Round "1"]
[Board "2"]
[White "Buksa, Nataliya"]
[Black "Zhanybekova, Begimay"]
[Result "1-0"]
[WhiteElo "2387"]
[BlackElo "1784"]
[PlyCount "129"]
[EventDate "2024.09.11"]
[EventType "team-tourn"]
[EventRounds "11"]
[EventCountry "HUN"]
[WhiteTeam "Ukraine"]
[BlackTeam "Kyrgyzstan"]
[WhiteTeamCountry "UKR"]
[BlackTeamCountry "KGZ"]

1. e4 c5 2. Nf3 e6 3. d4 cxd4 4. Nxd4 Nc6 5. Nc3 Qc7 6. Be2 a6 7. Be3 Nf6 8. O-O Bb4 9. Na4 Be7 10. Nxc6 bxc6 11. Nb6 Rb8 12. Nxc8 Qxc8 13. Bd4 c5 14. Be5 Rb6 15. Bf3 O-O 16. a4 d6 17. a5 Rb8 18. Bc3 Nd7 19. Be2 Nf6 $146 ({RR} 19... Qc6 20. Qd3 Ra8 21. Rad1 Rfd8 22. f4 Bf8 23. b3 Rac8 24. Qxa6 Qxe4 25. Bd3 Qa8 26. f5 Qxa6 27. Bxa6 Rb8 28. fxe6 fxe6 29. Rde1 Re8 30. Be2 Nf6 31. a6 Ra8 32. Bxf6 gxf6 33. Rxf6 Kg7 34. Ref1 {1-0 Majdan,J (2377)-Hapala,E (2140) EU-ch (Women) 20th 2019 (1)}) ({RR} 19... Ne5 20. f4 Nc6 21. Qd3 Ra8 22. Qg3 Nd4 23. Bd3 Kh8 24. Qh3 f6 25. b3 e5 26. f5 g6 27. Bc4 Nxc2 28. Rac1 Nd4 29. Bxd4 exd4 30. Be6 Qe8 31. fxg6 Qxg6 32. Bf5 Qg7 33. Rf4 Rf7 34. Bxh7 {1-0 Slizhevsky,A (2384)-Adireddy,A (2301) 21st Tamil Nadu IM 2024 (2.1)}) ({RR} 19... Rd8 20. Qd3 Ra8 21. Rfd1 Bf8 22. f4 Nb8 23. f5 Nc6 24. Bg4 exf5 25. Bxf5 Qc7 26. e5 g6 27. e6 d5 28. Bh3 f5 29. Re1 Bg7 30. g3 c4 31. Qe2 Bxc3 32. bxc3 Ne7 33. Bg2 Rab8 34. Qe3 {1-0 Almasi,Z (2699)-Mihok,O (2550) HUN-ch rapid 2018 (9)}) 20. Qd3 Rd8 21. Rfe1 Ra8 22. Qg3 Rd7 23. Rad1 Qd8 24. Bc4 Bf8 25. Qf3 Ne8 26. Qh3 Nc7 27. f4 Nb5 28. Bd2 d5 29. exd5 exd5 30. Bd3 g6 31. f5 Bg7 32. Rf1 c4 33. fxg6 hxg6 34. Bg5 Qxg5 35. Qxd7 Rf8 36. Bxg6 Qxg6 37. Qxd5 Qxc2 38. Rf2 Qb3 39. Kh1 Nc7 40. Qd7 Ne6 41. Rdf1 Qd3 42. Qb7 Nc5 43. Qc6 Ne4 44. Rf3 Qe2 45. Qd5 Nf6 46. Qb7 Rd8 47. Qxa6 Rd1 48. Qc8+ Ne8 49. Qf5 Nd6 50. Qf4 Bxb2 51. Rxd1 Qxd1+ 52. Rf1 Qd3 53. a6 Bd4 54. Qg4+ Bg7 55. Rd1 Qa3 56. a7 f5 57. Qe2 Qxa7 58. Rxd6 Qf7 59. Rc6 c3 60. Qc4 Qxc4 61. Rxc4 Kf7 62. Rc7+ Kg6 63. g3 Be5 64. Rc6+ Kg5 65. Kg2 1-0